000 03379nam a2200253 a 4500
003 MX-MxUPN
005 20240104090850.0
007 cr
008 240103t2018 mx o||||o|||| 000 0 spa d
020 _a9789233000872
040 _aMX-MxUPN
_bspa
_cMX-MxUPN
041 0 _aspa
050 1 4 _aJV6035
245 0 0 _aMigración y creación :
_bantropologías de frontera
_h[recurso electrónico en línea]
260 _aCiudad de México :
_bOficina de la Unesco en México,
_c©2018.
300 _a1 recurso en línea :
_bPDF, fotografías
505 0 0 _tMigración y diversidad cultural /
_rNuria Sanz --
_tTransitando hacia el espacio público /
_rBetsabeé Romero --
_tAutoconstrucción /
_rAbraham Cruzvillegas --
_tUn poco más de cien años /
_rOfelia Murrieta --
_tWelcome to colonia libertad /
_rOmar Pimienta --
_tMirando el mundo desde una línea imaginaria /
_rMarcos Ramírez ERRE --
_tVivir en la frontera /
_rKarla Paulina Sánchez Barajas --
_tLa otra frontera /
_rPablo López Luz --
_tComing home : constructing cultural bridges /
_rElena Durán --
_tMarisol and the American Dream /
_rJanet Jarman --
_tFrontera móvil /
_rEdgardo Aragón --
_tEl Alberto /
_rDiana Vega --
_tArte y cultura en contextos (trans)fronterizos /
_rJosé Manuel Valenzuela Arce --
_tEspacios de relación /
_rEnrique Díaz Álvarez --
_tLa narrativa de las patrias inmateriales /
_rLaila Hotait --
_tEspacios de resistencia. Espacios de sobrevivencia /
_rSandra Lorenzano --
_tLa migración horizontal. Consideraciones alrededor de una experiencia documental /
_rMauricio Bidault --
_tMigración contemporánea: desarrollo social y cultural /
_rFelipe Zúñiga --
_tLas condiciones de la creación cultural en el mundo actual /
_rSergio González Rodríguez --
_tEl compromiso social en la práctica artística /
_rSol Henaro --
_tSobre la posición ética del artista /
_rAna Quiroz --
_tPráctica artística y contexto: representación, metodología y narrativa en mi producción /
_rIngrid Hernández --
_tMás allá de la ficción /
_rCristina de Middel --
_tSer migrante en México /
_rMiho Hagino --
_tThe dialog between art and migration: The geographical mobility, mestizo identities of the creator and the results of their practice /
_rJems Robert Koko Bi --
_tHimnos y banderas, máscaras y espejos /
_rPedro Lasch --
_tCreando espacios intermedios: performance sonoro telemático /
_rXimena Alarcón --
_tWe’ve all been travelers since we were thrown out of paradise /
_rClaudia Casarino --
_tEl cine: un arte migrante /
_rMarina Stavenhagen --
_tAmbulante Más Allá /
_rMaría Inés Roqué --
_tFotografía y contexto /
_rGerardo Montiel Klint --
_tJazz, migración y libertad /
_rGilberto Cervantes Correa --
_tLabor del Centro de Estudios de Migraciones y Exilios de la Universidad Nacional de Educación a Distancia de España /
_rMa. Luisa Capella --
_tLa Ruta de la Amistad /
_rLuis Javier de la Torre --
_tBarrio, arte y transformación social en Iztapalapa /
_rRoberto Durán --
_tCulture and Migration /
_rJeffrey H. Cohen --
_tCultures of migration and conflict /
_rIbrahim Sirkeci --
_tClimate, migration and culture, the example of Tuvalu /
_rDonatien Garnier.
506 0 _aAcceso abierto.
650 4 _aEmigración e inmigración
_xAspectos sociales
_915743
700 1 _aSanz, Nuria
_946921
_eedición
856 4 0 _uhttps://unesdoc.unesco.org/ark:/48223/pf0000261789
902 _aVíctor Ruiz/040124
942 _2lcc
_cLIBRO-E
999 _c210704
_d210704